| 000 | 005170000a22001690004500 | ||
|---|---|---|---|
| 001 | 56335 | ||
| 090 | _a56335 | ||
| 100 | _a20140512d2014 k y0pory5003 ba | ||
| 101 | 0 | _apor | |
| 102 | _aPT | ||
| 200 | 1 |
_aPorque é que os animais não conduzem _fPedro Seromenho _gPedro Seromenho |
|
| 210 |
_aBraga _cPaleta de Letras _d2013 |
||
| 215 | _a27[2] p. | ||
| 700 | 1 |
_aSeromenho _bPedro _f1975- |
|
| 702 | 1 |
_942202 _aSeromenho _bPedro _f1975- _4440 |
|
| 942 |
_cMON _n0 |
||
| 999 |
_a56335 _bBibliobase - BEBDMI _c2019-01-21 |
||